UM Logo

Taking sides: (Record no. 4821)

MARC details
000 -LEADER
fixed length control field 02498cam a22003497a 4500
001 - CONTROL NUMBER
control field 13257615
005 - DATE AND TIME OF LATEST TRANSACTION
control field 20181218112244.0
008 - FIXED-LENGTH DATA ELEMENTS--GENERAL INFORMATION
fixed length control field 000429s2000 ctua b 001 0 eng d
010 ## - LIBRARY OF CONGRESS CONTROL NUMBER
LC control number 2003440835
020 ## - INTERNATIONAL STANDARD BOOK NUMBER
International Standard Book Number 0072371935
035 ## - SYSTEM CONTROL NUMBER
System control number (OCoLC)ocm43952718
040 ## - CATALOGING SOURCE
Original cataloging agency TNT
Transcribing agency TNT
Modifying agency PSM
-- DLC
042 ## - AUTHENTICATION CODE
Authentication code lccopycat
050 00 - LIBRARY OF CONGRESS CALL NUMBER
Classification number RC454
Item number .T286 2000
082 ## - DEWEY DECIMAL CLASSIFICATION NUMBER
Edition number 2000
Classification number DC 616.89
Item number H13t
245 00 - TITLE STATEMENT
Title Taking sides:
Name of part/section of a work clashing views on controversial issues in abnormal psychology/
Statement of responsibility, etc. edited, selected, and with introductions by Richard P. Halgin.
246 30 - VARYING FORM OF TITLE
Title proper/short title
250 ## - EDITION STATEMENT
Edition statement 1st edition
260 ## - PUBLICATION, DISTRIBUTION, ETC. (IMPRINT)
Place of publication, distribution, etc. Guilford, Conn.:
Name of publisher, distributor, etc. Dushkin/McGraw-Hill,
Date of publication, distribution, etc. c2000.
300 ## - PHYSICAL DESCRIPTION
Extent xxii, 378 pages:
Other physical details illustrations;
Dimensions 24 cm.
504 ## - BIBLIOGRAPHY, ETC. NOTE
Bibliography, etc Includes bibliographical references and index.
505 00 - FORMATTED CONTENTS NOTE
Title Is the DSM-IV a useful classification system? --
-- Is there gender bias in the DSM-IV? --
-- Is multiple personality disorder a valid diagnosis? --
-- Does attention deficit disorder exist? --
-- Is schizophrenia a biological disorder? --
-- Does post-abortion syndrome exist? --
-- Are repressed memories valid? --
-- Have Consumer reports researchers proven that psychotherapy helps? --
-- Has too much emphasis been placed on empirically supported therapies? --
-- Is Ritalin overprescribed? --
-- Should psychosurgery be used to treat certain psychological conditions? --
-- Does media violence promote violent behavior in young people? --
-- Is pornography harmful? --
-- Is the Bell Curve Theory valid? --
-- Does religious commitment improve mental health? --
-- Has the deinstitutionalization of the mentally ill worked? --
-- Should mental health professionals serve as gatekeepers for physician-assisted suicide? --
-- Is sexual orientation conversion therapy ethical? --
-- Is the abuse excuse overused? --
-- Is electroconvulsive therapy ethical?
650 #0 - SUBJECT ADDED ENTRY--TOPICAL TERM
Topical term or geographic name as entry element Psychology, Pathological
Form subdivision Miscellanea.
9 (RLIN) 33396
650 #0 - SUBJECT ADDED ENTRY--TOPICAL TERM
Topical term or geographic name as entry element Mental illness
Form subdivision Miscellanea.
9 (RLIN) 33397
650 #0 - SUBJECT ADDED ENTRY--TOPICAL TERM
Topical term or geographic name as entry element Reasoning
Form subdivision Miscellanea.
9 (RLIN) 33398
700 ## - ADDED ENTRY--PERSONAL NAME
Personal name Halgin, Richard P.
9 (RLIN) 15229
Relator term Editor
856 42 - ELECTRONIC LOCATION AND ACCESS
Materials specified Publisher description
Uniform Resource Identifier <a href="http://www.loc.gov/catdir/enhancements/fy0707/2003440835-d.html">http://www.loc.gov/catdir/enhancements/fy0707/2003440835-d.html</a>
856 41 - ELECTRONIC LOCATION AND ACCESS
Materials specified Table of contents only
Uniform Resource Identifier <a href="http://www.loc.gov/catdir/enhancements/fy0707/2003440835-t.html">http://www.loc.gov/catdir/enhancements/fy0707/2003440835-t.html</a>
906 ## - LOCAL DATA ELEMENT F, LDF (RLIN)
a 7
b cbc
c copycat
d 2
e ncip
f 20
g y-gencatlg
942 ## - ADDED ENTRY ELEMENTS (KOHA)
Source of classification or shelving scheme Dewey Decimal Classification
Koha item type Circulation
Holdings
Withdrawn status Lost status Source of classification or shelving scheme Damaged status Not for loan Collection code Home library Current library Date acquired Source of acquisition Total Checkouts Full call number Barcode Date last seen Price effective from Koha item type
    Dewey Decimal Classification     Circulation UM Digos College - LIC UM Digos College - LIC 04/26/2010 Donated   DC 616.89 H13t 2000 20732 05/15/2025 09/24/2016 Circulation